Company law / (Record no. 4238)
[ view plain ]
| 000 -LEADER | |
|---|---|
| fixed length control field | 00521cam a2200193 4500 |
| 001 - CONTROL NUMBER | |
| control field | 5071 |
| 005 - DATE AND TIME OF LATEST TRANSACTION | |
| control field | 20181127174722.0 |
| 008 - FIXED-LENGTH DATA ELEMENTS--GENERAL INFORMATION | |
| fixed length control field | 710923s1971 ii 001 0 eng |
| 010 ## - LIBRARY OF CONGRESS CONTROL NUMBER | |
| LC control number | 73919620 |
| 020 ## - INTERNATIONAL STANDARD BOOK NUMBER | |
| International Standard Book Number | 9789351451556 |
| Terms of availability | |
| Canceled/invalid ISBN | |
| 043 ## - GEOGRAPHIC AREA CODE | |
| Geographic area code | a-ii--- |
| 100 1# - MAIN ENTRY--PERSONAL NAME | |
| Personal name | Singh, Avtar, |
| Dates associated with a name | 1932- |
| 245 10 - TITLE STATEMENT | |
| Title | Company law / |
| Statement of responsibility, etc. | Avtar Singh. |
| 246 ## - VARYING FORM OF TITLE | |
| Title proper/short title | Indian company law |
| Remainder of title | |
| Date or sequential designation | |
| Medium | |
| Display text | |
| Number of part/section of a work | |
| Name of part/section of a work | |
| 250 ## - EDITION STATEMENT | |
| Edition statement | 16th ed. |
| 260 ## - PUBLICATION, DISTRIBUTION, ETC. | |
| Place of publication, distribution, etc. | Lucknow : |
| Name of publisher, distributor, etc. | Eastern Book Co., |
| Date of publication, distribution, etc. | 2015. |
| 300 ## - PHYSICAL DESCRIPTION | |
| Extent | cxliv, 783 p. ; |
| Dimensions | 22 cm. |
| 650 #0 - SUBJECT ADDED ENTRY--TOPICAL TERM | |
| Topical term or geographic name entry element | Corporation law |
| Geographic subdivision | India. |
| Withdrawn status | Lost status | Source of classification or shelving scheme | Damaged status | Not for loan | Collection code | Home library | Current library | Shelving location | Serial Enumeration / chronology | Inventory number | Total Checkouts | Full call number | Barcode | Date last seen | Copy number | Price effective from | Koha item type | Date acquired | Total Renewals | Date last checked out |
|---|---|---|---|---|---|---|---|---|---|---|---|---|---|---|---|---|---|---|---|---|
| Dewey Decimal Classification | Main TEST | RTC Library | RTC Library | Main opac | 8325 | 346.07 SIN | 30009600 | 27/11/2018 | 4 | 27/11/2018 | Main | |||||||||
| Dewey Decimal Classification | Main TEST | RTC Library | RTC Library | Main opac | 8323 | 4 | 346.07 SIN | 30009616 | 14/12/2021 | 1 | 27/11/2018 | Main | 01/03/2021 | 2 | 22/10/2021 | |||||
| Dewey Decimal Classification | Main TEST | RTC Library | RTC Library | Main opac | 8322 | 4 | 346.07 SIN | 30009659 | 29/06/2023 | 3 | 27/11/2018 | Main | 22/03/2021 | 5 | 28/02/2023 | |||||
| Dewey Decimal Classification | Main TEST | RTC Library | RTC Library | Main opac | 8324 | 346.07 SIN | 30009601 | 05/03/2020 | 2 | 27/11/2018 | Main | |||||||||
| Dewey Decimal Classification | Main TEST | RTC Library | RTC Library | Main opac | 11983 | 2 | 346.07 SIN | 30012292 | 16/06/2022 | 5 | 27/11/2018 | Main | 12/05/2021 | 1 | 28/03/2022 |